Arte y sociedad industrial : (Record no. 11279)

MARC details
000 -CABECERA
campo de control de longitud fija 00811nam a2200241 4500
003 - IDENTIFICADOR DEL NÚMERO DE CONTROL
campo de control OSt
005 - FECHA Y HORA DE LA ÚLTIMA TRANSACCIÓN
campo de control 20260530113846.0
008 - DATOS DE LONGITUD FIJA--INFORMACIÓN GENERAL
campo de control de longitud fija 260417b2002 mx ||||| |||| 00| 0 eng d
040 ## - FUENTE DE LA CATALOGACIÓN
Centro catalogador/agencia de origen ICI
Lengua de catalogación spa
Centro/agencia transcriptor ICI
050 ## - SIGNATURA TOPOGRÁFICA DE LA BIBLIOTECA DEL CONGRESO
Número de clasificación N72.6
Número de documento/Ítem M67 1977
100 1# - ENTRADA PRINCIPAL--NOMBRE DE PERSONA
Nombre de persona William Morris 1834-1896
9 (RLIN) 30702
245 10 - MENCIÓN DE TÍTULO
Título Arte y sociedad industrial :
Resto del título Antologia de escritos /
Mención de responsabilidad, etc. William Morris ; prólogo Vicente Aguilera cerni ; tr. Gonzalo Zaragoza
250 ## - MENCIÓN DE EDICIÓN
Mención de edición Segunda edición
260 ## - PUBLICACIÓN, DISTRIBUCIÓN, ETC.
Lugar de publicación, distribución, etc. Valencia :
Nombre del editor, distribuidor, etc. F. Torres,
Fecha de publicación, distribución, etc. c1977
300 ## - DESCRIPCIÓN FÍSICA
Extensión 254 páginas
336 ## - TIPO DE CONTENIDO
Término de tipo de contenido texto
Fuente rdacontent
337 ## - TIPO DE MEDIO
Nombre/término del tipo de medio sin medio
Fuente rdamedia
338 ## - TIPO DE SOPORTE
Nombre/término del tipo de soporte volumen
Fuente rdacarrier
650 ## - PUNTO DE ACCESO ADICIONAL DE MATERIA--TÉRMINO DE MATERIA
Término de materia o nombre geográfico como elemento de entrada Arte y sociedad
9 (RLIN) 1426
700 ## - PUNTO DE ACCESO ADICIONAL--NOMBRE DE PERSONA
Nombre de persona Zaragoza Rovira, Gonzalo,
Término indicativo de función/relación traductor
9 (RLIN) 30703
700 ## - PUNTO DE ACCESO ADICIONAL--NOMBRE DE PERSONA
Nombre de persona Aguilera Cerni, Vicente,
Término indicativo de función/relación prologuista
9 (RLIN) 30704
942 ## - ELEMENTOS DE PUNTO DE ACCESO ADICIONAL (KOHA)
Fuente del sistema de clasificación o colocación Library of Congress Classification
Tipo de ítem Koha

No items available.